Statistiques concernant Paroles - Repenti - Renan Luce

Cliquez ici pour prendre le quiz!

Statistiques générales

  • Ce quiz a été pris 32 fois
  • Le résultat moyen est 173 sur 281

Statistiques - réponses

PAROLES% Correct
J'ai
96%
ma
92%
m'a
92%
Ma
92%
Repenti
92%
de
88%
De
88%
Me
88%
me
88%
des
83%
Des
83%
Je
83%
je
83%
La
83%
la
83%
le
83%
Le
83%
les
83%
que
83%
a
79%
Ca
79%
Dans
79%
du
79%
Qui
79%
qui
79%
sa
79%
Et
75%
et
75%
mes
75%
Mes
75%
on
75%
trahi
75%
En
71%
ils
71%
Mais
71%
mon
71%
pas
71%
un
71%
vie
71%
bien
67%
ce
67%
leurs
67%
Quand
67%
quelque
67%
suis
67%
sur
67%
Sur
67%
une
67%
Au
63%
fait
63%
comme
58%
Dijon
58%
d'un
58%
lit
58%
moins
58%
nord
58%
protection
58%
sauce
58%
spaghettis
58%
temoin
58%
tomate
58%
vivre
58%
voie
58%
cache
54%
C'est
54%
choisi
54%
chose
54%
diplomate
54%
d'la
54%
donc
54%
évité
54%
Italy
54%
Little
54%
prison
54%
pu
54%
quelques
54%
Quelques
54%
quenottes
54%
remplit
54%
ans
50%
bouge
50%
Deux
50%
FBI
50%
fleur
50%
J'appercois
50%
J'suis
50%
l'ombre
50%
lumiere
50%
notes
50%
pensais
50%
peur
50%
poitrine
50%
professeur
50%
Qu'on
50%
rouge
50%
sniper
50%
tache
50%
t'attendais
50%
Tous
50%
trop
50%
vingt
50%
carnets
46%
coeur
46%
coin
46%
corps
46%
enterrer
46%
fourres
46%
hommes
46%
mafia
46%
main
46%
m'allonge
46%
meme
46%
montraient
46%
oncle
46%
PMU
46%
rigole
46%
trois
46%
vais
46%
verre
46%
aujourd'hui
42%
classe
42%
d'essence
42%
d'Hortensia
42%
etrange
42%
freres
42%
Hortensias
42%
imbibes
42%
m'occupe
42%
poussent
42%
raconte
42%
Recherchent
42%
salit
42%
soeurs
42%
Tony-Les-Deux-Poings
42%
tours
42%
vieux
42%
voisins
42%
accidents
38%
aide
38%
americaine
38%
biere
38%
connaissances
38%
cru
38%
dev'nu
38%
finis
38%
menage
38%
mieux
38%
mois
38%
n'ais
38%
oublier
38%
planque
38%
poch'tron
38%
prelevait
38%
premier
38%
querelles
38%
qu'ma
38%
rencontrai
38%
serait
38%
Sicile
38%
Stromboli
38%
Texas
38%
verres
38%
voisinage
38%
bout
33%
jusqu'au
33%
Mafioso
33%
manque
33%
ongles
33%
penitencier
33%
pierres
33%
Qu'ai-je
33%
recreant
33%
revoir
33%
soirs
33%
casser
29%
j'aurais
29%
p'tits
29%
banlieux
8%

Distribution des résultats

Percentile par nombre de réponses

% des personnes avec chaque résultat

Votre développement - résultats

Vous n’avez pas pris ce quiz